Estadísticas para Paises por lugares de interés

Haz click aquí para intentar la prueba.

Estadísticas generales

  • Esta prueba ha sido intentada 55 veces
  • La puntuación promedio es 17 de 22

Estadísticas de respuestas

Lugar de interésPaís% Correcto
La Gran MurallaChina
100%
ColiseoItalia
100%
Machu PichuPerú
100%
Big BenReino Unido
100%
AmazonasBrasil
98%
PirámidesEgipto
98%
Gran CañónEstados Unidos
98%
Taj MahalIndia
98%
Cataratas de Niagara (Niagara Falls)Canadá
96%
Chichen Itzá (ruinas mayas)México
96%
KremlinRusia
92%
TransilvaniaRumania
90%
AcropolisGrecia
86%
Lago TiticacaBolivia
76%
PetraJordania
75%
Kilimanjaro (montaña)Tanzania
67%
Uluru (Ayers Rock)Australia
63%
Templo Angkor WatCamboya
61%
Bosque de BialowiezaPolonia
51%
Glaciar TasmanNueva Zelanda
45%
HammametTúnez
27%
Colina real de AmbohimangaMadagascar
24%

Distribución de puntuación

Porcentaje por número respondido

Porcentaje de gente con cada puntuación

Historial de tus puntuaciones

No has intentado esta prueba.